| 000 | 00836nam a2200217 i 4500 | ||
|---|---|---|---|
| 001 | 162381 | ||
| 003 | ES-MaACL | ||
| 005 | 20230906212517.0 | ||
| 008 | 931025s1789 sp |||| | spa d | ||
| 040 |
_aCYL _bspa _cPAB |
||
| 100 | 0 |
_aPolibio. _992820 |
|
| 245 | 1 | 0 |
_aHistoria de Polybio Megalopolitano / _ctraducida del griego por ... Ambrosio Rui Bamba ... ; tomo I [-tomo III]. |
| 260 |
_aMadrid : _ben la imprenta Real, _c1789. |
||
| 300 |
_a3 v. ([4], XVI, 446, [2] p. ; [4], 395 p., [1] en bl. ; [4], 412 p.) ; _c4º. |
||
| 597 | _aSign.: Sign.: [ ]4, b4, c², A-K4 ; [ ]², 3A-3C4, 3D² ; [ ]²,3 A-3E4, 3F². | ||
| 597 | _aAntep. | ||
| 651 | 4 |
_aRoma- _xHistoria. _99312 |
|
| 700 | 1 |
_aRui Bamba, Ambrosio. _9132171 |
|
| 852 |
_aES-MaACL _jR-1167-69 _z-- Enc. pasta española _x Olim: G-10834-36 |
||
| 999 |
_c162381 _d162381 |
||